000
00267 a2200145 4500
001
170864
020
_a
040
_c
Magnum
100
_a
Myers, Bill
240
1
0
_a
O portal
_l
por
245
1
0
_a
O portal
362
0
_a
1899
697
_a
J/AVENTURA
942
_c
BK
999
_c
170864
_d
170864